000 00786nam a2200241Ia 4500
003 OSt
005 20220918202709.0
006 a|||||r|||| 00| 0
007 ta
008 220917b |||||||| |||| 00| 0 eng d
020 _c50.00
024 _a103,192
037 _b59714-15, 03/03/1982, Munshiram Manohar Lal
_cTextual
040 _aARTS
_cARTS
_beng
041 _2eng
_aeng
082 _aV262,1y7II48, G8
100 _aMukhopadhyay Subhas Chandra
_9104950
245 0 _aDiwaini in Bengal 1765
_b Carrer of Nawab Najm ud Daulah
260 _aVaranasi
_bVishwabvidalaya Prakashan
_c1938
650 _aHISTORY
942 _hV262,1y7II48, G8
_cTEXL
_2CC
999 _c226627
_d226627